| 000 | 00444nam a2200169Ia 4500 | ||
|---|---|---|---|
| 001 | 25623 | ||
| 003 | IN-NITTTR | ||
| 005 | 20251114233324.0 | ||
| 008 | 251113s9999||||xx |||||||||||||| ||eng|| | ||
| 040 | _beng | ||
| 040 | _cIN-NITTTR | ||
| 041 | _aeng | ||
| 082 | _a004.62 I3C R | ||
| 100 | _aIbe, C. Oliver | ||
| 245 | 0 |
_aConverged network architectures : _b delivering voice over IP, ATM and frame relay / _cIbe, C. Oliver |
|
| 942 |
_2ddc _cBK |
||
| 999 |
_c28252 _d28252 |
||